zpět

Detail výsledku týmu

Dno pytle - Vinohrady, Praha

Datum a čas kvízu

36 Celkem bodů Celkový počet nahraných bodů na tomto kvízu bez doplňovacích otázek.
3. Pořadí na kvízu Konečné umístění týmu na tomto kvízu.

Zaznamenané odpovědi

# Otázka Odpověď Body Výsledky
1. V pondělí se málem naplnila sl... Konrad 1
2. Slavný americký rapper minulý... Kanye West 1
3. Letní filmovou školu v Uherské... Václav Havel 1
4. Do konce června museli čeští p... Ivo Valenta 1
5. Fotbalisté Baníku Ostrava se p... proti chovu slepic v klecích 1
6. Toto téma začneme poněkud netr... Manželství na zkoušku/manželství na rok a den. 0
7. Kromě Yoko Ono, i další manžel... Ringo Starr 1
8. Jedna z chotí československých... D 1
9. Slavná americká herečka Elizab... Paul Newman 1
10. Mysteriózní komediální americk... 1D 2B 3C 4A 1